[Event "Superettan(Orgryte-Upsala)"]
[Site "?"]
[Date "2022.05.15"]
[Round "11"]
[White "Frisk Kockum, Anton"]
[Black "Sirin, Atakan"]
[Result "1/2-1/2"]
[WhiteElo "2341"]
[BlackElo "2280"]
[PlyCount "154"]
[SourceDate "2022.05.28"]

1. d4 d5 2. c4 e5 3. dxe5 d4 4. Nf3 Nc6 5. g3 Nge7 6. Bg2 Ng6 7. Bg5 Qd7 8. O-O
h6 9. Bc1 Ngxe5 10. Nbd2 Be7 11. b4 Bxb4 12. Nxe5 Nxe5 13. Rb1 a5 14. a3 Bxd2
15. Qxd2 O-O 16. e3 c5 17. exd4 cxd4 18. Rd1 Rd8 19. Qe2 Qg4 20. f3 Qe6 21. c5
d3 22. Qe4 f5 23. Qh4 Bd7 24. Bb2 Bc6 25. Qf4 Nc4 26. Bf1 g5 27. Qc1 Qe3+ 28.
Qxe3 Nxe3 29. Rxd3 Nxf1 30. Rxd8+ Rxd8 31. Kxf1 Rd2 32. Bc3 Rxh2 33. Re1 Ra2
34. Bxa5 Rxa3 35. Bc7 Rxf3+ 36. Ke2 Rc3 37. Bd6 Be4 38. Ra1 Kf7 39. Ra8 Ke6 40.
Rh8 Rc2+ 41. Ke3 Rh2 42. Kd4 Bc6 43. Bf8 h5 44. Rh6+ Kf7 45. Bd6 Kg7 46. Re6
Rd2+ 47. Ke3 Rd1 48. Ke2 Rh1 49. Be5+ Kh7 50. Re7+ Kg6 51. Re6+ Kf7 52. Rf6+
Ke7 53. Rxf5 g4 54. Rg5 Ke6 55. Bf4 Kf6 56. Ke3 Rh3 57. Rg8 Kf5 58. Rg5+ Ke6
59. Kd4 Rh1 60. Rg6+ Kf5 61. Rg5+ Kf6 62. Rg8 Rd1+ 63. Ke3 Rd5 64. Bd6 Kf7 65.
Rh8 Kg7 66. Rc8 Rf5 67. Rc7+ Kg6 68. Rc8 Kg7 69. Rc7+ Kf6 70. Rc8 Ke6 71. Rf8
Rd5 72. Rh8 Rg5 73. Rh6+ Kf7 74. Kf4 Rd5 75. Rh8 Kg7 76. Rd8 Kh7 77. Be7 Rxd8
1/2-1/2

[Event "Superettan(Kristallen-Rock.,Sthlm II)"]
[Site "?"]
[Date "2022.05.15"]
[Round "11"]
[White "Nikolic, Vladan"]
[Black "Walinder, Lars"]
[Result "0-1"]
[WhiteElo "2205"]
[BlackElo "2263"]
[PlyCount "106"]

1. d4 d5 2. c4 e6 3. Nf3 Nf6 4. g3 Bb4+ 5. Nbd2 dxc4 6. Bg2 O-O 7. Qc2 a5 8. a3
Bxd2+ 9. Bxd2 b5 10. a4 c6 11. e4 h6 12. g4 e5 13. dxe5 Nh7 14. h3 Nd7 15. O-O
Bb7 16. Be3 Qe7 17. Nd4 Nxe5 18. Nf5 Qb4 19. Bd4 f6 20. Qe2 Rfe8 21. Qe3 Nd3
22. h4 Rad8 23. g5 hxg5 24. hxg5 fxg5 25. Nxg7 Re7 26. Nf5 Re6 27. Bb6 Rd7 28.
axb5 cxb5 29. Bxa5 Qxb2 30. Qa7 Qe5 31. Bb6 Nf4 32. Rfd1 Bc6 33. Rxd7 Bxd7 34.
Bd4 Ne2+ 35. Kf1 Nxd4 36. Qxd7 Nxf5 37. Ra8+ Nf8 38. Qd8 Rf6 39. exf5 Qxf5 40.
Bd5+ Kg7 41. f3 Qd7 42. Qxd7+ Nxd7 43. Rg8+ Kh6 44. Ke2 Rd6 45. Rh8+ Kg7 46.
Rg8+ Kf6 47. Be4 b4 48. Rg6+ Ke5 49. Rxg5+ Kd4 50. Bh7 b3 51. Bg8 Kc3 52. Rb5
Rb6 53. Rd5 Nf6 0-1

[Event "Superettan(Orgryte-Upsala)"]
[Site "?"]
[Date "2022.05.15"]
[Round "11"]
[White "Wagner, Stephan"]
[Black "Olsson, William"]
[Result "1/2-1/2"]
[WhiteElo "2222"]
[BlackElo "2316"]
[PlyCount "86"]

1. c4 c5 2. Nc3 Nc6 3. g3 g6 4. Bg2 Bg7 5. e3 e6 6. Nge2 Nge7 7. O-O O-O 8. d4
cxd4 9. Nxd4 d5 10. cxd5 Nxd4 11. exd4 Nxd5 12. Nxd5 exd5 13. Be3 Be6 14. Qb3
Qd7 15. Rac1 Rfc8 16. Qb4 Bf8 17. Qa5 b6 18. Qa6 Bg7 19. b3 h5 20. h4 Bf5 21.
Kh2 Kh7 22. Rfe1 Bf8 23. Rxc8 Rxc8 24. Rc1 Rxc1 25. Bxc1 Bg7 26. Be3 Kg8 27.
Qa3 Bd3 28. Qc1 Bb5 29. a4 Bc6 30. Bf3 Qe8 31. Qc3 Bd7 32. Bg2 Bc6 33. Bh3 Qa8
34. Bf4 Qb7 35. Be5 Bd7 36. Bxg7 Bxh3 37. Be5 Qc8 38. Qxc8+ Bxc8 39. Bb8 a6 40.
Bc7 b5 41. axb5 axb5 42. b4 f6 43. f3 Kf7 1/2-1/2

[Event "Superettan(Kristallen-Rock.,Sthlm II)"]
[Site "?"]
[Date "2022.05.15"]
[Round "11"]
[White "Naslund, Mikael"]
[Black "Crevatin, Leo"]
[Result "1/2-1/2"]
[WhiteElo "2146"]
[BlackElo "2266"]
[PlyCount "99"]
[SourceDate "2022.05.27"]

1. d4 Nf6 2. c4 e6 3. g3 d5 4. Nf3 Bb4+ 5. Bd2 a5 6. Bg2 O-O 7. O-O dxc4 8. Bg5
h6 9. Bxf6 Qxf6 10. Ne5 Nc6 11. Nxc6 bxc6 12. Bxc6 Rb8 13. e3 e5 14. Qf3 Qxf3
15. Bxf3 exd4 16. exd4 Rd8 17. Rd1 Be7 18. Nc3 Rxb2 19. Nd5 Bd6 20. Rdc1 Ba6
21. Ne3 Rb4 22. Be2 c5 23. dxc5 Bxc5 24. Nxc4 Bd4 25. Rab1 Rc8 26. Rxb4 axb4
27. Rc2 Rc7 28. Ne3 Rxc2 29. Nxc2 Bxe2 30. Nxd4 Bc4 31. Nc2 Bxa2 32. Nxb4 Be6
33. f3 g5 34. Kf2 Kg7 35. Ke3 Bb3 36. Nc6 Kf6 37. g4 Bd5 38. Nd4 Ba8 39. Ne2
Ke5 40. Ng3 Bd5 41. Nf5 h5 42. Ng3 hxg4 43. fxg4 Be6 44. h3 f5 45. Nxf5 Bxf5
46. gxf5 Kxf5 47. Kf3 Kg6 48. Kg4 Kh6 49. h4 gxh4 50. Kxh4 1/2-1/2

[Event "Superettan(Orgryte-Upsala)"]
[Site "?"]
[Date "2022.05.15"]
[Round "11"]
[White "Arnelind, Mikael"]
[Black "Burwick, Malte"]
[Result "0-1"]
[WhiteElo "2215"]
[BlackElo "2215"]
[PlyCount "126"]

1. d4 g6 2. c4 Bg7 3. Nc3 d6 4. e4 Nd7 5. Be3 e5 6. d5 Ne7 7. h4 f5 8. h5 f4 9.
Bd2 g5 10. g4 fxg3 11. fxg3 h6 12. Bh3 Nf6 13. Bxc8 Qxc8 14. Qe2 Qg4 15. Qxg4
Nxg4 16. Ke2 Rf8 17. Rf1 Rxf1 18. Kxf1 Kd7 19. Ke2 Rf8 20. Nf3 Ng8 21. Be1 c6
22. Nh2 Nxh2 23. Rxh2 Nf6 24. Bf2 a6 25. Rh1 c5 26. a4 Ke8 27. Be1 Rf7 28. Kd3
Ng4 29. Ke2 Nf6 30. Kd3 Bf8 31. Nd1 Ng4 32. Ke2 b5 33. axb5 axb5 34. cxb5 Be7
35. Ne3 Nxe3 36. Kxe3 g4 37. Ke2 Bg5 38. b6 Rf3 39. Bc3 Kd7 40. Ra1 Kc8 41. Ra7
Rxg3 42. Rc7+ Kb8 43. Rd7 Re3+ 44. Kf2 g3+ 45. Kg2 Bf4 46. Rg7 Rxe4 47. Ba5
Re2+ 48. Kf3 Rf2+ 49. Ke4 Rxb2 50. Rg8+ Kb7 51. Rg7+ Ka6 52. Ra7+ Kb5 53. b7
Kc4 54. Bc7 g2 55. Ra1 Rxb7 56. Bxd6 Rd7 57. Bf8 Rxd5 58. Rg1 Rd4+ 59. Kf3 Rd3+
60. Ke4 Rg3 61. Bd6 Be3 62. Bxe5 Bxg1 63. Bxg3 Bd4 0-1

[Event "Superettan(Kristallen-Rock.,Sthlm II)"]
[Site "?"]
[Date "2022.05.15"]
[Round "11"]
[White "Svorono, Gabriel"]
[Black "Persson, Andreas"]
[Result "0-1"]
[WhiteElo "2073"]
[BlackElo "2117"]
[PlyCount "78"]

1. d4 d5 2. c4 c6 3. Nf3 Nf6 4. g3 dxc4 5. Bg2 Nbd7 6. O-O b5 7. a4 Bb7 8. b3
e6 9. bxc4 b4 10. c5 a5 11. Nbd2 Be7 12. Nc4 O-O 13. Re1 Nd5 14. Bd2 Ba6 15.
Nce5 Nxe5 16. Nxe5 Rc8 17. e4 Nf6 18. Bf4 Nd7 19. Nf3 Nf6 20. Qc2 Qd7 21. Rad1
Rfd8 22. Ne5 Qb7 23. Bh3 Nd7 24. Nc4 Bxc4 25. Qxc4 Nf6 26. Bc1 Rc7 27. f4 Qa7
28. f5 Rcd7 29. Be3 e5 30. Qb3 exd4 31. Bg5 d3 32. e5 Qxc5+ 33. Kh1 d2 34. Re2
Rd3 35. Qb2 Nd5 36. Bxe7 Nxe7 37. f6 gxf6 38. exf6 Ng6 39. Rexd2 Qd5+ 0-1

[Event "Superettan(Orgryte-Upsala)"]
[Site "?"]
[Date "2022.05.15"]
[Round "11"]
[White "Malm Lindberg, Henrik"]
[Black "Kumar, Rahul"]
[Result "0-1"]
[WhiteElo "2194"]
[BlackElo "2184"]
[PlyCount "68"]

1. e4 d6 2. d4 g6 3. Nc3 Bg7 4. Nf3 a6 5. Be2 e6 6. O-O Ne7 7. Re1 Nd7 8. Bf4
b5 9. Qd2 h6 10. a4 b4 11. Nd1 g5 12. Bg3 Bb7 13. Bf1 Rb8 14. h3 a5 15. c3 Ba8
16. Bb5 O-O 17. cxb4 Nf6 18. Qc2 c6 19. Bd3 Rxb4 20. e5 dxe5 21. Bxe5 c5 22.
dxc5 Bxf3 23. gxf3 Nc6 24. Bc3 Nd4 25. Bxd4 Qxd4 26. Ra3 Rc8 27. Rc3 Qh4 28.
Bf1 Nd5 29. Rc4 Rxc4 30. Qxc4 Bd4 31. Re4 Qg3+ 32. Bg2 Nf4 33. Rxf4 Qxf4 34. c6
Bxf2+ 0-1

[Event "Superettan(Kristallen-Rock.,Sthlm II)"]
[Site "?"]
[Date "2022.05.15"]
[Round "11"]
[White "Gamback, Bjorn"]
[Black "Eriksson, Dan"]
[Result "0-1"]
[WhiteElo "2092"]
[BlackElo "2184"]
[PlyCount "166"]

1. Nf3 d5 2. c4 d4 3. b4 c5 4. bxc5 Nc6 5. e4 e5 6. d3 Bxc5 7. Be2 a5 8. O-O
Qe7 9. Ne1 f5 10. exf5 Bxf5 11. Bg4 Bxg4 12. Qxg4 Nf6 13. Qh4 O-O 14. Nd2 Ba3
15. Nc2 Bxc1 16. Rfxc1 Qe6 17. Re1 Qf5 18. Ne4 Nxe4 19. Rxe4 Rf6 20. f3 Rg6 21.
Kh1 Rf8 22. Ne1 h5 23. Qf2 b5 24. cxb5 Nb4 25. Qe2 Re6 26. b6 Nd5 27. b7 Rb8
28. Qc2 Nc3 29. Rb1 Qf7 30. Rb3 Rxb7 31. Rxc3 dxc3 32. Qxc3 Qc7 33. Rc4 Qb6 34.
h3 Qf2 35. Re4 Qb6 36. Qc8+ Kh7 37. Kh2 Rbe7 38. Qf8 Qc7 39. Qf5+ g6 40. Qg5
Qd8 41. Qe3 Qd5 42. Qe2 Qc6 43. Qd2 Qc7 44. Rc4 Rc6 45. Rxc6 Qxc6 46. Qxa5 Qc7
47. Qb4 e4+ 48. f4 Qxf4+ 49. g3 Qe5 50. dxe4 Qxe4 51. Qxe4 Rxe4 52. Ng2 Ra4 53.
h4 Rxa2 54. Kh3 Kg7 55. Nf4 Kf6 56. Nd5+ Ke5 57. Nf4 Kf5 58. Ng2 Ra3 59. Nf4
Ra6 60. Kg2 Kg4 61. Nh3 Ra2+ 62. Nf2+ Kf5 63. Kf3 Ra3+ 64. Kg2 Ke5 65. Kh2 Kd4
66. g4 Ke3 67. gxh5 gxh5 68. Nh3 Kf3 69. Ng5+ Kg4 70. Ne4 Ra2+ 71. Kg1 Kxh4 72.
Nf2 Kg3 73. Ne4+ Kf4 74. Nf2 Kf3 75. Nd3 Kg3 76. Kf1 h4 77. Nc5 Ra1+ 78. Ke2 h3
79. Ne4+ Kg2 80. Ng5 h2 81. Ne6 Ra4 82. Ke3 h1=Q 83. Nf4+ Rxf4 0-1

[Event "Superettan(Orgryte-Upsala)"]
[Site "?"]
[Date "2022.05.15"]
[Round "11"]
[White "Anderzen, Robert"]
[Black "Bernhard, Jonathan"]
[Result "1/2-1/2"]
[WhiteElo "2099"]
[BlackElo "1981"]
[PlyCount "125"]

1. d4 d5 2. Bf4 c5 3. e3 Nc6 4. Nf3 Bf5 5. c3 Qb6 6. Qc1 Rc8 7. dxc5 Qxc5 8.
Nd4 Bd7 9. Nxc6 Qxc6 10. Nd2 f6 11. Bd3 e5 12. Bg3 Ne7 13. Qc2 g6 14. O-O Bg7
15. e4 f5 16. f3 O-O 17. Qb3 Be6 18. Qa3 Qd7 19. exf5 gxf5 20. Rad1 Nc6 21. Nb3
b6 22. f4 e4 23. Bb5 Qe7 24. Qa4 Qc7 25. Bxc6 Qxc6 26. Qxc6 Rxc6 27. Bf2 Rc4
28. Bd4 Bf7 29. Bxg7 Kxg7 30. Rd4 Rxd4 31. Nxd4 Kf6 32. Kf2 Rc8 33. Ke3 Be8 34.
Rd1 a5 35. Kd2 b5 36. a3 b4 37. axb4 axb4 38. Ra1 bxc3+ 39. bxc3 Rb8 40. Ra6+
Kf7 41. Kc1 Bb5 42. Rh6 Bd3 43. Nxf5 Rb3 44. Kd2 Rb2+ 45. Ke3 Rxg2 46. Kd4 Rf2
47. Ke5 Kg8 48. Rd6 h5 49. h4 Bc4 50. Kf6 Rxf4 51. Rd8+ Kh7 52. Rd7+ Kg8 53.
Kg6 Rxf5 54. Kxf5 e3 55. Re7 e2 56. Kg5 Bd3 57. Re3 Kf7 58. Kxh5 Kf6 59. Kg4
Kg6 60. Re6+ Kf7 61. Re3 Kg6 62. Re6+ Kf7 63. Re3 1/2-1/2

[Event "Superettan(Kristallen-Rock.,Sthlm II)"]
[Site "?"]
[Date "2022.05.15"]
[Round "11"]
[White "Ekenberg, Ulf"]
[Black "Hedstrom, Johan"]
[Result "1/2-1/2"]
[WhiteElo "2014"]
[BlackElo "2024"]
[PlyCount "97"]

1. e4 c5 2. Nf3 e6 3. d4 cxd4 4. Nxd4 a6 5. Nc3 Qc7 6. g3 Nf6 7. Bg2 Be7 8. O-O
Nc6 9. Re1 d6 10. Nxc6 bxc6 11. e5 dxe5 12. Rxe5 Nd7 13. Re2 O-O 14. Be3 Rb8
15. Na4 c5 16. c4 Bb7 17. Bxb7 Qxb7 18. Qc2 Ne5 19. f4 Nf3+ 20. Kf1 Nd4 21.
Bxd4 cxd4 22. Qe4 d3 23. Re3 Qb4 24. b3 Rfd8 25. Rxd3 Rxd3 26. Qxd3 Rd8 27. Qf3
Qd2 28. Qe2 Qd4 29. Rc1 Ba3 30. Rc2 Bb4 31. Kg2 Bc5 32. Nxc5 Qxc5 33. Rd2 Qc6+
34. Kh3 Rxd2 35. Qxd2 h5 36. Qc2 g6 37. Qe2 Kg7 38. b4 Qc8 39. b5 e5+ 40. Kg2
exf4 41. gxf4 Kh7 42. a4 axb5 43. axb5 Qf5 44. Kf3 Qh3+ 45. Ke4 Qe6+ 46. Kd3
Qd6+ 47. Ke3 Qe6+ 48. Kd2 Qd6+ 49. Ke3 1/2-1/2

[Event "Superettan(Orgryte-Upsala)"]
[Site "?"]
[Date "2022.05.15"]
[Round "11"]
[White "Kashebayev, Azamat"]
[Black "Eksmyr, Johan"]
[Result "1-0"]
[WhiteElo "2180"]
[BlackElo "2171"]
[PlyCount "71"]

1. d4 Nf6 2. c4 g6 3. Nc3 d5 4. cxd5 Nxd5 5. e4 Nxc3 6. bxc3 Bg7 7. Bc4 O-O 8.
Ne2 Nc6 9. O-O b6 10. Be3 Bb7 11. Qd2 Na5 12. Bd3 c5 13. Bh6 e5 14. d5 c4 15.
Bc2 Qd6 16. Bxg7 Kxg7 17. f4 f6 18. h4 Rae8 19. f5 Bc8 20. Ng3 Nb7 21. Rf3 Qc5+
22. Kh2 Nd6 23. Raf1 Rf7 24. Bd1 Rd8 25. fxg6 hxg6 26. Rxf6 Rxf6 27. Rxf6 Kxf6
28. Qg5+ Kg7 29. Nh5+ Kf7 30. Qf6+ Ke8 31. Ng7+ Kd7 32. Ne6 Nb7 33. Nxc5+ Nxc5
34. Bg4+ Kc7 35. Qe7+ Bd7 36. Qxe5+ 1-0

[Event "Superettan(Helsingborg-Rockaden, Umea)"]
[Site "?"]
[Date "2022.05.14"]
[Round "10"]
[White "Jonsson, Filip"]
[Black "Hjalmarsson, Per"]
[Result "1-0"]
[WhiteElo "1970"]
[BlackElo "1920"]
[PlyCount "83"]

1. d4 g6 2. e4 d5 3. exd5 Qxd5 4. Nc3 Qd8 5. Nf3 Bg7 6. Bc4 Nf6 7. O-O O-O 8.
Re1 Bg4 9. h3 Bxf3 10. Qxf3 Nc6 11. d5 Nd4 12. Qd3 c5 13. Bg5 a6 14. a4 b6 15.
Rad1 Ra7 16. Nb1 Qc8 17. c3 Nf5 18. Na3 Nd6 19. Bb3 h6 20. Bf4 Qd7 21. c4 Rb7
22. Bc2 Rc8 23. Qe3 Kh7 24. g4 Nxg4 25. hxg4 Qxg4+ 26. Qg3 Qxg3+ 27. Bxg3 Bxb2
28. Bxd6 exd6 29. Rd3 Bxa3 30. Rxa3 b5 31. axb5 axb5 32. cxb5 Rxb5 33. Ra7 Kg7
34. Ree7 Rf8 35. Red7 Rb2 36. Be4 Kf6 37. f4 Rb6 38. Rac7 g5 39. Rc6 Rxc6 40.
dxc6 Ke6 41. f5+ Ke5 42. c7 1-0

[Event "Superettan(Upsala-Rockaden,Sthlm II )"]
[Site "?"]
[Date "2022.05.14"]
[Round "10"]
[White "Fernandez, Juan Pablo"]
[Black "Svorono, Gabriel"]
[Result "1/2-1/2"]
[WhiteElo "2024"]
[BlackElo "2073"]
[PlyCount "59"]

1. c4 Nf6 2. g3 e5 3. Bg2 c6 4. Nf3 e4 5. Nd4 d5 6. cxd5 cxd5 7. d3 Bc5 8. Nb3
Bb4+ 9. Bd2 Bxd2+ 10. Qxd2 Bf5 11. dxe4 Bxe4 12. O-O O-O 13. Rd1 Bxg2 14. Kxg2
Nbd7 15. Nc3 Nb6 16. Qg5 h6 17. Qf5 Qe7 18. e3 Rfd8 19. Rd4 Nc4 20. Nxd5 Nxd5
21. Rxd5 Rxd5 22. Qxd5 Nxb2 23. Qd4 Qa3 24. Rb1 Na4 25. Nd2 Nb6 26. Nc4 Nxc4
27. Qxc4 Qe7 28. Qb4 Qxb4 29. Rxb4 Rb8 30. Kf3 1/2-1/2

[Event "Superettan(SS 4 Springare-Orgryte)"]
[Site "?"]
[Date "2022.05.14"]
[Round "10"]
[White "Poley, Maksim"]
[Black "Green, Per"]
[Result "0-1"]
[WhiteElo "1368"]
[BlackElo "1946"]
[PlyCount "118"]

1. d4 Nf6 2. Nf3 c6 3. Bf4 Qb6 4. Qc1 d6 5. e3 Bg4 6. Be2 Nh5 7. Bg3 Nxg3 8.
hxg3 g6 9. Nbd2 Bg7 10. c3 Nd7 11. Nc4 Qc7 12. Rh4 Nf6 13. e4 h5 14. e5 Nd5 15.
exd6 exd6 16. Ne3 Nxe3 17. Qxe3+ Kf8 18. Ng1 Bh6 19. f4 Re8 20. Qf2 Kg7 21. Rh1
Re7 22. Kf1 Bf5 23. Nf3 Rhe8 24. Bd1 Bd3+ 25. Kg1 Be2 26. Ng5 Bxd1 27. Rxd1 Re2
28. Qf1 Rxb2 29. Re1 Qd8 30. Nf3 Rxa2 31. Qc4 Rxe1+ 32. Nxe1 Ra1 33. Kh2 Qe7
34. Nf3 Rxh1+ 35. Kxh1 Kg8 36. Qa4 a6 37. Qc2 Bg7 38. Nh4 Bf6 39. Nxg6 fxg6 40.
Qxg6+ Bg7 41. Qxh5 b5 42. Qf3 d5 43. f5 a5 44. g4 a4 45. Qg3 Bf6 46. Qb8+ Kg7
47. Kh2 a3 48. Qa8 Qd6+ 49. Kh3 Bd8 50. g5 Bxg5 51. g3 Bd8 52. Kg4 Bc7 53. f6+
Qxf6 54. Qxa3 Qg6+ 55. Kf3 Qxg3+ 56. Ke2 Qg2+ 57. Kd3 Qe4+ 58. Kd2 Bf4+ 59. Kd1
Qd3+ 0-1

[Event "Superettan(Schack 08-Vasteras II)"]
[Site "?"]
[Date "2022.05.14"]
[Round "10"]
[White "Landgren, Andreas"]
[Black "Laveryd, Peter"]
[Result "0-1"]
[WhiteElo "2195"]
[BlackElo "2360"]
[PlyCount "90"]

1. d4 Nf6 2. c4 g6 3. Nc3 Bg7 4. e4 d6 5. Nf3 O-O 6. Be2 e5 7. Be3 Qe7 8. d5
Ng4 9. Bg5 f6 10. Bc1 a5 11. h3 Nh6 12. O-O Nf7 13. a3 Bd7 14. b3 c5 15. dxc6
bxc6 16. c5 Be6 17. Be3 Nd7 18. cxd6 Nxd6 19. Qc2 Rfc8 20. Na4 Qf7 21. Nd2 f5
22. f3 Nb5 23. Nc4 Nd4 24. Bxd4 exd4 25. Rab1 Qf8 26. Bd3 fxe4 27. fxe4 Qd8 28.
Qd2 Ra7 29. Qf4 Qe7 30. Qg3 Kh8 31. h4 Nf6 32. Rbe1 Rd8 33. e5 Ng4 34. Re4 Ne3
35. Nxe3 dxe3 36. Qxe3 Bxb3 37. Nc3 Bd5 38. Nxd5 cxd5 39. Rg4 Bxe5 40. Kh1 Bg7
41. Qb6 Raa8 42. g3 Qd7 43. Rff4 Be5 44. Ra4 d4 45. Qc5 Bg7 0-1

[Event "Superettan(Burgsvik-Farsta)"]
[Site "?"]
[Date "2022.05.14"]
[Round "10"]
[White "Livner, Anders"]
[Black "Persson, Mats"]
[Result "1/2-1/2"]
[WhiteElo "2379"]
[BlackElo "2349"]
[PlyCount "85"]

1. Nf3 d5 2. g3 c6 3. Bg2 Bg4 4. O-O Nd7 5. d3 Ngf6 6. c4 dxc4 7. dxc4 Bxf3 8.
Bxf3 Ne5 9. Qb3 Nxf3+ 10. exf3 Qc8 11. Nc3 e6 12. Be3 Be7 13. Rad1 O-O 14. Kg2
b6 15. Qc2 Qb7 16. b3 Rfd8 17. Ne4 Rxd1 18. Rxd1 Rd8 19. Nxf6+ Bxf6 20. Rxd8+
Bxd8 21. Qd3 Be7 22. Qd4 Qc7 23. Bf4 Qc8 24. h4 f6 25. Qd3 Qd8 26. Qe2 Qd7 27.
Bd2 Bc5 28. Bc3 e5 29. Qc2 Bd4 30. Bb4 c5 31. Bd2 f5 32. Bc1 Qe6 33. Qd2 h6 34.
Qc2 Kf7 35. Qd3 Kf6 36. Qc2 Qc6 37. Qe2 a6 38. a4 Qb7 39. Bd2 Qc6 40. Bc1 Qb7
41. Bd2 Qc6 42. Bc1 Qb7 43. Bd2 1/2-1/2

[Event "Superettan(Schack 08-Vasteras II)"]
[Site "?"]
[Date "2022.05.14"]
[Round "10"]
[White "Nyander, Joakim"]
[Black "Nordebrink, Johan"]
[Result "1/2-1/2"]
[WhiteElo "2243"]
[BlackElo "2103"]
[PlyCount "64"]
[SourceDate "2022.05.23"]

1. Nf3 Nf6 2. c4 e6 3. g3 d5 4. Bg2 Be7 5. O-O O-O 6. b3 d4 7. e3 c5 8. exd4
cxd4 9. d3 Nc6 10. Re1 Qc7 11. Ba3 Bxa3 12. Nxa3 e5 13. Qd2 Re8 14. Nb5 Qd8 15.
c5 Re7 16. Nd6 Ne8 17. Nc4 f6 18. b4 Be6 19. Rac1 Rc8 20. Nh4 Qc7 21. a3 g6 22.
b5 Nd8 23. Na5 Rg7 24. Qb4 Qf7 25. Nf3 Nc7 26. c6 Nd5 27. cxb7 Nxb7 28. Rxc8+
Bxc8 29. Qc4 Nb6 30. Qb4 Nd5 31. Qc4 Nb6 32. Qb4 Nd5 1/2-1/2

[Event "Superettan(Burgsvik-Farsta)"]
[Site "?"]
[Date "2022.05.14"]
[Round "10"]
[White "Haitin, Ilja"]
[Black "Urkedal, Frode"]
[Result "1-0"]
[WhiteElo "2355"]
[BlackElo "2553"]
[PlyCount "55"]

1. d4 Nf6 2. g3 d5 3. Nf3 c5 4. Bg2 cxd4 5. O-O h6 6. b3 e6 7. Bb2 Bc5 8. a3
O-O 9. b4 Bb6 10. Nxd4 e5 11. Nb3 Qe7 12. c4 dxc4 13. Na5 Bxa5 14. bxa5 Nc6 15.
Nd2 Rd8 16. Qc2 Bf5 17. Qxf5 Rxd2 18. Rab1 g6 19. Qh3 Rxe2 20. a6 Rb8 21. Bc1
Qc7 22. Rxb7 Rxb7 23. axb7 Ne7 24. Qh4 g5 25. Qxh6 Nh7 26. Qa6 e4 27. Qxa7 Nc6
28. Qc5 1-0

[Event "Superettan(Schack 08-Vasteras II)"]
[Site "?"]
[Date "2022.05.14"]
[Round "10"]
[White "Magnusson, Karl"]
[Black "Karlsson, Tomas"]
[Result "1/2-1/2"]
[WhiteElo "2121"]
[BlackElo "2314"]
[PlyCount "63"]

1. d4 d5 2. c4 e6 3. Nc3 a6 4. cxd5 exd5 5. Bf4 Nf6 6. e3 Bd6 7. Bxd6 Qxd6 8.
Bd3 Nc6 9. Nge2 Ne7 10. Qc2 Bd7 11. Ng3 c5 12. dxc5 Qxc5 13. Nce2 Qb6 14. Nd4
Rc8 15. Qd2 O-O 16. O-O Rc5 17. Rfc1 Rfc8 18. Rxc5 Rxc5 19. Rc1 Nc6 20. Rxc5
Qxc5 21. Nxc6 Bxc6 22. Nf5 Bd7 23. Nd4 Ng4 24. Bf5 Bxf5 25. Nxf5 g6 26. Ng3 Ne5
27. b3 Nc6 28. Ne2 Kf8 29. h3 h5 30. Qb2 Kg8 31. Qd2 Kf8 32. Qb2 1/2-1/2

[Event "Superettan(Burgsvik-Farsta)"]
[Site "?"]
[Date "2022.05.14"]
[Round "10"]
[White "Lindeman, Sven"]
[Black "Andersson, Tommy"]
[Result "1/2-1/2"]
[WhiteElo "2154"]
[BlackElo "2380"]
[PlyCount "103"]

1. e4 c5 2. Nf3 d6 3. d4 cxd4 4. Nxd4 Nf6 5. Nc3 a6 6. Bc4 e6 7. Bb3 Nbd7 8. f4
Nc5 9. f5 Be7 10. Qf3 e5 11. Nde2 Nxb3 12. axb3 h6 13. Ng3 b6 14. Be3 Bb7 15.
O-O-O Rc8 16. Nh5 Nxh5 17. Qxh5 Rxc3 18. bxc3 Bxe4 19. Qg4 d5 20. Qxg7 Bf6 21.
Qg4 Qc7 22. c4 b5 23. Qe2 bxc4 24. bxc4 dxc4 25. Bf4 exf4 26. Qxe4+ Kf8 27. Kd2
Rg8 28. Ke2 Rg5 29. Rd5 a5 30. Kf3 a4 31. Rhd1 a3 32. Rd7 Qe5 33. Qxe5 Bxe5 34.
Ra7 Rxf5 35. Rxa3 Kg7 36. Ra5 f6 37. h4 Rh5 38. Kg4 Kg6 39. Ra6 f3 40. gxf3 Rf5
41. h5+ Rxh5 42. f4 Bc3 43. Rd7 Rc5 44. f5+ Rxf5 45. Rg7+ Kxg7 46. Kxf5 Be5 47.
Ra7+ Kf8 48. Kg6 Ke8 49. Kxh6 Kd8 50. Kg6 c3 51. Kf5 Kc8 52. Ke6 1/2-1/2

[Event "Superettan(Schack 08-Vasteras II)"]
[Site "?"]
[Date "2022.05.14"]
[Round "10"]
[White "Faldt, Magnus"]
[Black "Adahl, Mattias"]
[Result "0-1"]
[WhiteElo "2159"]
[BlackElo "2086"]
[PlyCount "90"]
[SourceDate "2022.05.24"]

1. d4 d5 2. c4 e6 3. Nc3 Be7 4. Nf3 a6 5. cxd5 exd5 6. Bf4 Nf6 7. e3 O-O 8. Bd3
Nbd7 9. g4 Bb4 10. Qc2 Re8 11. h3 c5 12. Kf1 c4 13. Bf5 Nf8 14. Ne5 Be6 15. Rd1
Rc8 16. f3 b5 17. h4 N6d7 18. h5 Nxe5 19. dxe5 Bxc3 20. bxc3 Qe7 21. g5 Bxf5
22. Qxf5 Qe6 23. e4 dxe4 24. Qxe4 Qe7 25. Qf5 Qa3 26. g6 fxg6 27. hxg6 hxg6 28.
Qc2 b4 29. Bc1 Qxc3 30. Qxc3 bxc3 31. f4 Ne6 32. Rd6 g5 33. Rh3 Nxf4 34. Bxf4
Rf8 35. Ke2 Rxf4 36. Ke3 c2 37. Rh1 Rh4 38. Rc1 Rh2 39. Rxa6 Rd8 40. e6 Rd3+
41. Ke4 Re2+ 42. Kf5 Rf3+ 43. Kg4 Rfe3 44. Kf5 Rf2+ 45. Kg4 Kh7 0-1

[Event "Superettan(Burgsvik-Farsta)"]
[Site "?"]
[Date "2022.05.14"]
[Round "10"]
[White "Larsson, Victor"]
[Black "Hjelm, Niclas"]
[Result "0-1"]
[WhiteElo "2193"]
[BlackElo "2266"]
[PlyCount "68"]

1. d4 d5 2. c4 dxc4 3. Nf3 Nf6 4. Nc3 a6 5. a4 e6 6. e3 c5 7. Bxc4 Nc6 8. O-O
Qc7 9. Qe2 Bd6 10. Rd1 O-O 11. h3 b6 12. dxc5 bxc5 13. e4 Ne5 14. Bg5 Nxf3+ 15.
Qxf3 Bh2+ 16. Kh1 Be5 17. Qe2 Bb7 18. Bd3 Rfc8 19. Rd2 c4 20. Bc2 h6 21. Be3
Bxc3 22. bxc3 Bxe4 23. Bxe4 Nxe4 24. Rd4 f5 25. Rc1 e5 26. Rdd1 Rd8 27. Rxd8+
Rxd8 28. g4 Qc6 29. Kh2 f4 30. Bb6 Rd2 31. Qf1 Qxb6 32. Qxc4+ Kh8 33. Qxe4
Qxf2+ 34. Kh1 Qh2# 0-1

[Event "Superettan(Schack 08-Vasteras II)"]
[Site "?"]
[Date "2022.05.14"]
[Round "10"]
[White "Carlsson, Andreas"]
[Black "Wikstrom, Per"]
[Result "0-1"]
[WhiteElo "1964"]
[BlackElo "2151"]
[PlyCount "68"]

1. e4 e6 2. d4 d5 3. Nd2 h6 4. Ngf3 Nf6 5. e5 Nfd7 6. c3 c5 7. a3 Nc6 8. b4 b6
9. Bb2 Bb7 10. Rc1 c4 11. b5 Na5 12. a4 Qc7 13. Ng1 O-O-O 14. h4 Be7 15. h5 Kb8
16. f4 g5 17. hxg6 fxg6 18. g3 Nf8 19. Bh3 Bc8 20. Rh2 Bd7 21. Rf2 Kb7 22. Kf1
Ra8 23. Ra1 a6 24. bxa6+ Rxa6 25. g4 Qc6 26. f5 gxf5 27. gxf5 exf5 28. Bxf5 Ne6
29. Qg4 Raa8 30. Ne2 h5 31. Qh3 Raf8 32. Nf4 Nxf4 33. Bxd7 Nxh3 34. Bxc6+ Kxc6
0-1

[Event "Superettan(Burgsvik-Farsta)"]
[Site "?"]
[Date "2022.05.14"]
[Round "10"]
[White "Lagerborg, Krister"]
[Black "Fraenkel, Mikael"]
[Result "1-0"]
[WhiteElo "2129"]
[BlackElo "2007"]
[PlyCount "101"]

1. e4 c5 2. d3 Nc6 3. c3 d5 4. Qe2 g6 5. g3 Bg7 6. Bg2 d4 7. c4 e5 8. f4 Nge7
9. Nf3 O-O 10. O-O Qc7 11. Na3 a6 12. Nc2 b5 13. b3 Rb8 14. Nce1 f6 15. h4 Bg4
16. Qc2 b4 17. Nh2 Be6 18. Nef3 h6 19. Kh1 Qd7 20. Qe2 Rbe8 21. Bd2 Kh7 22. Rf2
a5 23. Raf1 a4 24. Ng1 f5 25. h5 exf4 26. hxg6+ Nxg6 27. gxf4 axb3 28. axb3 Bf6
29. e5 Bh4 30. Rf3 Bf7 31. Rh3 Bf6 32. Qf3 Ncxe5 33. fxe5 Nxe5 34. Rxh6+ Kg7
35. Qxf5 Qxf5 36. Rxf5 Bg6 37. Rxg6+ Kxg6 38. Be4 Kg7 39. Ngf3 Rh8 40. Kg2 Nd7
41. Ng4 Reg8 42. Kf2 Rf8 43. Kg3 Rf7 44. Bf4 Rh1 45. Bc6 Nf8 46. Nxf6 Kg6 47.
Be4 Rxf6 48. Rxc5+ Kg7 49. Be5 Ne6 50. Bxf6+ Kxf6 51. Rc6 1-0

[Event "Superettan(Schack 08-Vasteras II)"]
[Site "?"]
[Date "2022.05.14"]
[Round "10"]
[White "Sternlund, Hakan"]
[Black "Kruuse, Peter"]
[Result "1-0"]
[WhiteElo "2133"]
[BlackElo "1867"]
[PlyCount "121"]

1. c4 Nf6 2. Nc3 g6 3. g3 Bg7 4. Bg2 O-O 5. d4 d6 6. Nf3 Nbd7 7. O-O c6 8. h3
e5 9. dxe5 dxe5 10. e4 Qe7 11. Be3 Nc5 12. Qc2 a5 13. Rfd1 Ne8 14. Bxc5 Qxc5
15. Na4 Qe7 16. Nb6 Rb8 17. c5 Nc7 18. Qc3 Nb5 19. Qxa5 Be6 20. a4 Nd4 21. Nxd4
exd4 22. f4 g5 23. Ra3 gxf4 24. gxf4 Rbd8 25. f5 Bc8 26. Nc4 Kh8 27. Rg3 Bf6
28. Rdd3 Rg8 29. Rg4 h5 30. Rxg8+ Rxg8 31. Qd2 Kh7 32. Qd1 Kh6 33. Nd6 Be5 34.
Rxd4 Bxd4+ 35. Qxd4 f6 36. Qc4 Rf8 37. Qc3 Qe5 38. Qd2+ Kg7 39. Nxc8 Qxc5+ 40.
Kh1 Rf7 41. a5 Kh7 42. Nb6 Rg7 43. b4 Qe5 44. Nc4 Qc7 45. Qe2 Rg5 46. Qe3 Qg7
47. Qe2 Qe7 48. Qd2 Qg7 49. Ne3 Qf7 50. Nf1 Qc7 51. Qd4 Qg7 52. Qf2 Qe7 53. Qd2
Qg7 54. Nh2 Qc7 55. Nf3 Rg7 56. Nh4 Rd7 57. Qe2 Kh6 58. Qe3+ Kh7 59. Qf3 Kh6
60. Ng6 Rd2 61. Qe3+ 1-0